[Event "1.Frauenbundesliga 2018-19"]
[Site "Germany"]
[Date "2018.10.27"]
[Round "1"]
[White "Milliet, Sophie"]
[Black "Hoolt, Sarah"]
[Result "0-1"]
[WhiteElo "2389"]
[BlackElo "2355"]
[Annotator "TA"]
[PlyCount "46"]
[EventDate "2018.10.27"]
[EventType "team-tourn"]
[EventCountry "GER"]
[SourceTitle "playchess.com"]
[Source "ChessBase"]
[SourceQuality "1"]

{[%evp 21,46,0,17,3,27,8,157,138,287,247,266,284,240,260,195,194,181,173,173,-244,-225,-475,-481,-708,-731,-720,-715]} 1. e4 e6 2. d4 d5 3. Nc3 Nf6 4. e5 Nfd7 5. f4 c5 6. Nf3 Nc6 7. Be3 Be7 8. Qd2 O-O 9. dxc5 Nxc5 {C11: French: Classical System: 4 e5 and 4 Bg5 dxe4} (9... Qa5 10. a3 Bxc5 11. O-O-O Rd8 12. Bxc5 Nxc5 13. h4 Bd7 14. h5 h6 15. g4 Be8 16. Qe3 d4 17. Nxd4 Nxd4 18. Rxd4 {½-½ (26) Inarkiev,E (2689)-Volkov,S (2645) St Petersburg 2017}) 10. O-O-O a6 11. h4 b5 {LiveBook: 6 Games. The position is equal.} 12. Bxc5 Bxc5 13. Bd3 b4 (13... h6 $11 {keeps the balance.}) 14. Bxh7+ $1 $16 Kxh7 (14... Kh8 $16 {keeps fighting.}) 15. Ng5+ $18 Kg8 16. Qd3 {[%csl Gg5][%cal Rd3h7]} g6 17. h5 $1 {[%cal Rh5g6]} Nxe5 {[#]} (17... bxc3 18. hxg6 Be3+ 19. Qxe3 $18) 18. Qh3 $1 Kg7 {...Qf6 is the strong threat.} ({Much worse is} 18... bxc3 $6 19. hxg6 cxb2+ 20. Kb1 $14) 19. Nce4 $1 Be7 {[#] Hoping for ...Bxg5.} ({Don't blunder} 19... Nd7 $2 20. hxg6 Rh8 21. Nh7 $18) 20. hxg6 $146 {[%mdl 8192]} (20. Qg3 $1 $18 f6 21. Nh7) ({Predecessor:} 20. Qg3 f5 21. h6+ Kh8 {1-0 (21) Peng,H (2227)-Xi,Q (1957) Qinhuangdao 2017}) 20... Rh8 $19 21. Nh7 $2 (21. Qxh8+ {was forced.} Qxh8 22. Rxh8 Kxh8 23. gxf7) 21... Nxg6 {Black is clearly winning.} 22. Ng3 (22. Kb1 $142) 22... Bh4 23. Nh5+ Kxh7 {Precision: White = 57%, Black = 38%.} 0-1

[Event "1.Frauenbundesliga 2018-19"]
[Site "Germany"]
[Date "2018.10.27"]
[Round "1"]
[White "Osmanodja, Filiz"]
[Black "Ambartsumova, Karina"]
[Result "1-0"]
[WhiteElo "2348"]
[BlackElo "2379"]
[Annotator "TA"]
[PlyCount "59"]
[EventDate "2018.10.27"]
[EventType "team-tourn"]
[EventCountry "GER"]
[SourceTitle "playchess.com"]
[Source "ChessBase"]
[SourceQuality "1"]

{[%evp 15,59,5,14,1,27,-8,0,0,19,-23,-16,-30,-31,-28,-24,-27,-21,-39,-29,-127,-19,-14,31,-109,-104,-117,-139,-162,-93,-107,0,0,0,0,942,921,29996,577,29994,29995,29996,29997,29997,29998,29998,-176]} 1. e4 e5 2. Nf3 Nc6 3. Bb5 a6 4. Ba4 Nf6 5. Nc3 Bc5 6. d3 {C77: Ruy Lopez: 3...a6 4 Ba4 Nf6, unusual lines} O-O 7. Bg5 b5 8. Bb3 Be7 {LiveBook: 11 Games} 9. h3 $146 ({Predecessor:} 9. O-O d6 10. Nd5 Nxd5 11. Bxd5 Bxg5 12. Bxc6 Rb8 13. Nxg5 Qxg5 {0-1 (29) Hoolt,S (2423)-Adams,M (2727) Germany 2018}) 9... Na5 10. Qd2 Nxb3 11. axb3 Rb8 12. g4 d6 {[%cal Bd7d6,Bd6d5][%mdl 32]} 13. Ne2 Bb7 14. Ng3 d5 {[%cal Rd5e4]} 15. Qe3 Re8 16. Nf5 Bf8 17. O-O-O (17. Nd2 $11) 17... a5 ({Black should try} 17... d4 $17 18. Qe2 Ra8) 18. Bh4 $11 a4 19. g5 (19. Qg5 $14 {stays ahead.} Kh8 20. d4 exd4 21. e5) 19... Nh5 $17 20. g6 f6 21. gxh7+ Kxh7 (21... Kh8 $1 $19 22. Rdg1 axb3) 22. Rhg1 {next Ng5+ is good for White.} axb3 ({Black should play} 22... Re6 $1 $17 {Strongly threatening ...g6.} 23. Qe2 Qe8) 23. Ng5+ $1 $11 (23. cxb3 g6 $19) 23... fxg5 24. Rxg5 Nf6 $2 {[%mdl 8192]} (24... Nf4 $11 25. Rxg7+ Bxg7 26. Bxd8 Rexd8) 25. Rdg1 $18 {[%cal Rg5g7] Threatening mate with Rxg7+.} Re7 {[#]} 26. Qf3 (26. Rxg7+ $142 $1 {[%mdl 512]} Bxg7 (26... Rxg7 27. Qh6+) 27. Rxg7+ Rxg7 28. Qh6+ Kg8 29. Qxg7#) 26... dxe4 {[#]} 27. Rh5+ $1 {[%mdl 512] White mates.} Nxh5 28. Qxh5+ Kg8 29. Nh6+ Kh8 30. Ng4+ {[%mdl 32768] Precision: White = 32%, Black = 31%. . Loss on Time!?} 1-0

[Event "1.Frauenbundesliga 2018-19"]
[Site "Germany"]
[Date "2018.10.27"]
[Round "1"]
[White "Padmini, Rout"]
[Black "Vega Gutierrez, Sabrina"]
[Result "1/2-1/2"]
[WhiteElo "2338"]
[BlackElo "2404"]
[Annotator "TA"]
[PlyCount "187"]
[EventDate "2018.10.27"]
[EventType "team-tourn"]
[EventCountry "GER"]
[SourceTitle "playchess.com"]
[Source "ChessBase"]
[SourceQuality "1"]

{[%evp 19,187,0,8,7,0,-3,8,7,12,12,0,0,10,0,0,0,0,0,0,0,0,0,0,0,0,0,1,0,0,0,0,0,0,0,21,-18,-20,-66,-65,-77,-72,-67,-80,-83,-70,-67,-62,-62,-60,-54,-68,-67,-56,-53,-47,-68,-43,-43,-29,-35,-14,-45,-14,-14,-13,-13,-13,-13,-13,-14,-14,-53,-14,-15,-15,-19,-13,-14,-14,-51,-13,-14,-14,-14,0,-29,-25,-47,0,0,0,0,0,0,-3,-4,0,0,0,-11,0,0,0,0,0,-26,0,-32,0,0,0,-19,0,-12,0,-21,-3,-19,-4,-26,0,-31,0,0,0,-47,0,0,0,0,0,0,0,0,0,0,0,0,0,0,0,0,0,0,0,0,0,0,0,0,0,0,0,0,0,0,0,0,0,0,0,0,0,0,0,0,0,0,0,0]} 1. e4 c5 2. Nf3 e6 3. d4 cxd4 4. Nxd4 Nf6 5. Nc3 d6 6. f4 Be7 7. Be3 O-O 8. Qf3 e5 9. Nf5 Bxf5 10. exf5 Nbd7 {LiveBook: 45 Partien. B82: Sizilianisch (Scheveninger System)} 11. g4 {[#] Mit der Idee g5.} (11. O-O-O Rc8 12. Bb5 Rxc3 13. bxc3 d5 14. Rxd5 Ba3+ 15. Kb1 Qa5 16. fxe5 Nxe5 17. Rxe5 Qxc3 18. Bc1 Qxe5 19. Bxa3 {1-0 (43) Ni,H (2673)-Hou,Y (2623) Danzhou 2012}) 11... d5 $1 {[%cal Bd6d5,Bd5d4][%mdl 544]} 12. g5 $146 (12. Nxd5 Qa5+) ({Vorgänger:} 12. O-O-O d4 13. fxe5 dxc3 14. exf6 Bxf6 15. Kb1 Qc7 16. g5 Be5 17. b3 Rad8 18. h4 {1-0 (41) Grabarczyk,B (2460)-Morawietz,D (2430) Germany 1997}) 12... d4 13. gxf6 Bxf6 14. Ne4 $1 dxe3 15. O-O-O {[#] Droht Lb5 und aus.} Qe7 16. Rg1 Rad8 17. Bb5 Nb6 {[%cal Bd7b6,Bb6d5,Bd5e3][%mdl 32]} 18. Qxe3 exf4 19. Nxf6+ Qxf6 20. Qxf4 a6 21. Be2 Nd5 $40 {[%mdl 128] Schwarz greift an.} 22. Qd4 Qxd4 23. Rxd4 Ne3 24. Rf4 Rfe8 25. Bd3 Re5 26. a4 Kf8 27. Rf3 Rd4 28. Rfg3 Nxf5 29. Bxf5 Rxf5 30. Rxg7 Rxa4 $15 {[%mdl 4096] Endspiel KTT-KTT} 31. Rg8+ Ke7 32. R1g2 Rf1+ 33. Kd2 Rd4+ 34. Kc3 Rd6 35. b3 Rf3+ 36. Kb2 Kd7 37. Rf8 Rg6 38. Rd2+ Kc7 39. Re2 Rd6 40. h4 Rd7 41. Rh8 f6 42. Rf8 Rf4 43. h5 Rh4 44. Rxf6 Rxh5 45. Ref2 Rg5 46. Rh6 Rg6 47. Rh5 h6 48. Rfh2 Rdd6 49. c4 Kd7 50. Ka3 Ke7 51. R2h3 Kf7 52. Rf3+ Kg7 53. c5 Rd7 {Und ...Tg5 würde nun gewinnen.} 54. Rfh3 Rf7 55. R3h4 Rc7 56. Rh3 Rcc6 57. Rd5 Rcf6 58. Re3 Rf7 {zielt auf ...Tg5 ab.} 59. Ree5 b6 60. cxb6 Rxb6 61. Re3 Rg6 62. Rc3 Rb7 63. Re3 Rgb6 (63... Rg5 $5 {[%cal Rg5d5]} 64. Rd6 a5 $17) 64. Rg3+ Kh7 65. Rh3 Rg6 66. Rc5 Rbg7 67. Ra5 Re7 68. Rd5 Kg7 69. Rc5 Rb7 70. Rd5 Rg5 71. Rd6 Rg6 72. Rd5 Rg5 73. Rd6 {Die Stellung ist ausgeglichen.} Ra5+ 74. Kb2 h5 75. Rg3+ Kh7 76. Rgg6 Rab5 77. Rh6+ Kg7 78. Rhg6+ Kf7 79. Rgf6+ Kg8 80. Rg6+ Kh7 81. Rh6+ Kg8 82. Rhg6+ Rg7 83. Rxa6 h4 84. Rxg7+ Kxg7 $11 {KT-KT} 85. Ra1 h3 86. Kc3 h2 87. Rh1 Rh5 88. Kd4 Kf6 89. Ke4 Kg5 90. Kf3 Rh3+ 91. Kg2 Rxb3 92. Rxh2 Rb2+ 93. Kg3 Rxh2 94. Kxh2 {Precision: Weiß = 65%, Schwarz = 46%.} 1/2-1/2

[Event "1.Frauenbundesliga 2018-19"]
[Site "Germany"]
[Date "2018.10.27"]
[Round "1"]
[White "Videnova, Iva"]
[Black "Fuchs, Judith"]
[Result "1/2-1/2"]
[WhiteElo "2326"]
[BlackElo "2274"]
[Annotator "TA"]
[PlyCount "93"]
[EventDate "2018.10.27"]
[EventType "team-tourn"]
[EventCountry "GER"]
[SourceTitle "playchess.com"]
[Source "ChessBase"]
[SourceQuality "1"]

{[%evp 12,93,24,25,27,-81,-37,-24,-33,-39,-21,-20,-26,-31,-26,-39,-38,-82,-77,-82,-79,-82,-86,-86,-86,-125,-139,-133,-127,-181,-146,-147,-143,-152,-51,-47,-48,-44,-53,-42,-16,-17,-17,-17,-17,-18,-2,-4,-8,-8,-5,-12,0,0,0,0,0,0,0,0,0,0,0,0,0,0,0,0,0,0,0,0,0,0,0,0,0,0,0,0,0,0,0,0]} 1. e4 c5 2. Nf3 d6 3. Nc3 Nf6 4. e5 dxe5 5. Nxe5 Nbd7 6. d4 {B50: Sicilian: 2...d6, Miscellaneous} e6 (6... Nxe5 7. dxe5 Qxd1+ 8. Kxd1 Ng4 9. Bb5+ Bd7 10. e6 Bxb5 11. Nxb5 O-O-O+ 12. Ke2 a6 13. Nc3 fxe6 {1-0 (41) Mamedov,R (2688)-Li,C (2720) Doha 2016}) 7. Bf4 {LiveBook: 4 Games} Be7 8. d5 $146 (8. dxc5 $11 {remains equal.} O-O 9. c6 Nxe5 10. Qxd8 Bxd8 11. Bxe5) ({Predecessor:} 8. dxc5 Bxc5 9. Bb5 O-O 10. O-O Nxe5 11. Bxe5 Qxd1 12. Raxd1 a6 13. Be2 b5 {½-½ (40) Jarmula,L (2463)-Mista,A (2587) Krakow 2017}) 8... exd5 {aiming for ...d4.} (8... Nxe5 {is interesting.} 9. Bxe5 exd5 10. Bb5+ Kf8 11. O-O a6) 9. Nxd7 $1 Bxd7 10. Nxd5 Nxd5 11. Qxd5 {[#] Threatens to win with 0-0-0.} Bc6 12. Qxd8+ Rxd8 13. f3 Bh4+ 14. Bg3 Bf6 $36 {[%mdl 2048] Black has strong initiative.} 15. Rb1 O-O 16. Bd3 Rfe8+ 17. Kf1 a6 18. Bf2 Bb5 19. Bxb5 axb5 20. Re1 (20. Bxc5 $17 {keeps fighting.} Rd2 21. c3) 20... Rxe1+ 21. Kxe1 Bxb2 $19 {[%mdl 4096] Endgame White must now prevent ...Bc3+. KRB-KRB} 22. Ke2 {[#]} Bd4 ({Black should try} 22... Re8+ $1 $17 23. Kd2 c4) 23. Bxd4 $15 Rxd4 {KR-KR} 24. Rb1 b4 25. a3 $1 g6 26. axb4 {The position is equal.} cxb4 27. Ke3 Rc4 28. Kd3 b5 29. Re1 $1 Rc3+ 30. Kd2 Ra3 31. Re5 b3 32. Rxb5 bxc2 33. Rc5 h5 (33... Kg7 {looks sharper.} 34. Rxc2 g5 35. Ke1 Ra4 36. Rc5 Kg6) 34. Rxc2 Ra5 35. Ke2 Kg7 36. Kf2 Ra4 37. g3 Rb4 38. h4 Ra4 39. Rd2 Rb4 40. Ke3 Rb1 41. Kf2 Rb4 42. Re2 Rb3 43. Kg2 Ra3 44. g4 hxg4 45. fxg4 Ra4 46. Kf3 Ra3+ 47. Kg2 {Precision: White = 79%, Black = 75%.} 1/2-1/2

[Event "1.Frauenbundesliga 2018-19"]
[Site "Germany"]
[Date "2018.10.27"]
[Round "1"]
[White "Klek, Hanna Marie"]
[Black "Gosciniak, Maria"]
[Result "1-0"]
[WhiteElo "2278"]
[BlackElo "2070"]
[Annotator "TA"]
[PlyCount "77"]
[EventDate "2018.10.27"]
[EventType "team-tourn"]
[EventCountry "GER"]
[SourceTitle "playchess.com"]
[Source "ChessBase"]
[SourceQuality "1"]

{[%evp 23,77,16,27,18,47,30,47,46,72,34,55,54,54,44,54,51,101,80,73,77,87,74,85,90,140,134,133,139,154,153,146,140,140,137,153,144,187,187,189,138,954,952,946,945,942,912,887,740,749,740,1288,1214,1200,1135,29996,29997]} 1. e4 {[%cal Be2e4,Be4e5][%mdl 32]} Nf6 {[%cal Bg8f6,Bf6d5,Bd5b6][%mdl 32]} 2. e5 Nd5 3. d4 d6 4. c4 Nb6 5. f4 dxe5 6. fxe5 Nc6 7. Be3 Bf5 8. Nc3 e6 9. Nf3 Be7 10. Be2 O-O 11. O-O f6 12. exf6 Bxf6 {LiveBook: 64 Games} 13. h3 {B03: Alekhine's Defence: Four Pawns Attack} (13. Qd2 Qe8 14. Rad1 Rd8 15. Qe1 Rd7 16. Qg3 Qg6 17. Qxg6 Bxg6 18. Rd2 Rfd8 19. Rfd1 h6 20. h3 Na5 21. b3 Nc6 {½-½ (53) Dominguez Perez,L (2734)-Vitiugov,N (2691) St Petersburg 2012}) 13... h6 14. Qd2 Qe7 15. Rad1 {White is slightly better.} Rad8 16. Qc1 Bh7 17. Kh1 Kh8 18. Bg1 Rd7 19. Rfe1 Rfd8 $146 {[%cal Rc6d4]} ({Predecessor:} 19... Qf7 20. c5 Nd5 21. Bb5 Qh5 22. Bd3 Bxd3 23. Rxd3 Qf5 {0-1 (65) Kondenko,A (2242)-Volkov,A (2209) Voronezh 2011}) 20. c5 Nd5 21. Bc4 Qf7 22. Ne4 Be7 23. Bb5 Bxe4 24. Rxe4 {And now Bxc6 would win.} Bf6 25. Rf1 {Strongly threatening Ne5.} Qg8 26. Qe1 Re7 27. Bf2 a6 28. Bc4 {[%cal Bb5c4,Bc4a2,Ba2b1][%mdl 32]} Ree8 29. a3 Qf7 30. Bh4 Qg6 31. Ba2 Bg5 $2 {[%mdl 8192]} (31... Rf8 $16) 32. Bxg5 $18 hxg5 33. Bb1 Nce7 {[#]} 34. Nxg5 $1 {[%mdl 512] White threatens Rh4+ and mate.} Nf5 (34... Qxg5 35. Rh4+) 35. g4 Qxg5 36. gxf5 Nf6 37. Rh4+ Kg8 38. Rg1 exf5 39. Ba2+ {Precision: White = 95%, Black = 35%.} (39. Rxg5 $2 {perishes.} Rxe1+ 40. Kg2 Rxb1 $19) 1-0

[Event "1.Frauenbundesliga 2018-19"]
[Site "Germany"]
[Date "2018.10.27"]
[Round "1"]
[White "Misanovic, Vesna"]
[Black "Waechter, Nathalie"]
[Result "0-1"]
[WhiteElo "2273"]
[BlackElo "1990"]
[Annotator "TA"]
[PlyCount "52"]
[EventDate "2018.10.27"]
[EventType "team-tourn"]
[EventCountry "GER"]
[SourceTitle "playchess.com"]
[Source "ChessBase"]
[SourceQuality "1"]

{[%evp 9,52,20,5,0,0,-14,-14,-18,22,22,32,0,22,0,0,0,0,0,0,0,0,-25,-26,-28,-15,-22,-26,-21,-14,-122,-125,-104,-98,-204,-121,-145,-79,-1363,-1335,-29985,-29986,-29989,-29990,-29998,-29999]} 1. d4 d5 2. Nf3 Nf6 3. e3 Bf5 4. c4 e6 5. Qb3 b6 {LiveBook: 3 Games} 6. Ne5 {D06: Queen's Gambit: Symmetrical and Baltic Defences} c6 7. Nd2 Bd6 8. Be2 $146 {The position is equal.} ({Predecessor:} 8. Ndf3 Qc7 9. Bd2 Nbd7 10. cxd5 exd5 11. Nxd7 Qxd7 12. Rc1 O-O 13. Bb4 {1-0 (39) Tatai,S (2340)-Diaz Reyes,F (1293) Santa Cruz de Tenerife 2014}) 8... Bxe5 9. dxe5 Nfd7 {[%cal Bf6d7,Bd7c5,Bc5e4][%mdl 32]} 10. cxd5 exd5 11. f4 Nc5 12. Qa3 Qh4+ 13. g3 Qh3 {Hoping for ...Qg2.} 14. Bf1 $1 {[%cal Rf1h3]} Qg4 15. b4 Ne4 16. Bg2 h5 17. Nxe4 Bxe4 18. Bxe4 dxe4 19. Qb2 (19. Bb2 $1 $11 {was the only way to keep the balance.}) 19... Na6 20. a3 h4 21. Qc2 (21. Qe2 $17 {was called for.} Qxe2+ 22. Kxe2) 21... Rh6 ({Black should play} 21... O-O-O $19 22. Qe2 Qxe2+ 23. Kxe2 hxg3) 22. Qxe4 {[#]} hxg3 $40 {[%mdl 128] Black goes for the king.} ({Black should try} 22... O-O-O $1 {( -> ...Rd1+)} 23. Bb2 hxg3) 23. Rg1 $2 {[%mdl 8192]} (23. hxg3 $17 Qxg3+ 24. Ke2 Rh2+ 25. Rxh2 Qxh2+ 26. Kd3 O-O-O+ 27. Kc3) 23... Rd8 $19 {[%csl Gd8][%cal Rg4d1]} 24. Bb2 Rxh2 {[%csl Gh2][%cal Rg4e2] Black mates.} 25. Qxc6+ Kf8 {[%csl Gh2][%cal Rg4e2]} 26. Rg2 Rh1+ {Precision: White = 19%, Black = 64%.} 0-1

[Event "1.Frauenbundesliga 2018-19"]
[Site "Germany"]
[Date "2018.10.27"]
[Round "1"]
[White "Baciu, Diana"]
[Black "Papp, Petra"]
[Result "1/2-1/2"]
[WhiteElo "2266"]
[BlackElo "2334"]
[Annotator "TA"]
[PlyCount "32"]
[EventDate "2018.10.27"]
[EventType "team-tourn"]
[EventCountry "GER"]
[SourceTitle "playchess.com"]
[Source "ChessBase"]
[SourceQuality "1"]

{[%evp 17,32,8,10,15,8,-7,0,-5,0,-9,-8,-5,-16,-15,0,-18,-11]} 1. e4 e5 2. Nf3 Nf6 3. Nxe5 d6 4. Nf3 Nxe4 5. c4 Nc6 6. Nc3 Nxc3 7. dxc3 g6 {C42: Petroff Defence: 3 Nxe5 and unusual White 3rd moves} 8. Bg5 (8. Bd3 Qe7+ 9. Qe2 Qxe2+ 10. Bxe2 Bg7 11. Be3 O-O 12. O-O-O Re8 13. Rhe1 b6 14. Nd2 Ne5 15. f4 {½-½ (59) Sjugirov,S (2654)-Rakhmanov,A (2634) Sochi 2018}) 8... Be7 9. Bh6 Bf8 {LiveBook: 12 Games. The position is equal.} 10. Be3 Bg7 11. Qd2 O-O 12. Be2 a5 $146 ({Predecessor:} 12... b6 13. O-O Bb7 14. Rad1 Qd7 15. c5 bxc5 16. Bxc5 Qe6 17. Ng5 {½-½ (29) De Carolis,M (2137)-Palladino,M (2044) ICCF email 2011}) 13. Rd1 b6 14. h3 Bb7 15. O-O Re8 16. Rfe1 a4 1/2-1/2

[Event "1.Frauenbundesliga 2018-19"]
[Site "Germany"]
[Date "2018.10.27"]
[Round "1"]
[White "Endress, Anna"]
[Black "Schleining, Zoya"]
[Result "0-1"]
[WhiteElo "2127"]
[BlackElo "2370"]
[Annotator "TA"]
[PlyCount "102"]
[EventDate "2018.10.27"]
[EventType "team-tourn"]
[EventCountry "GER"]
[SourceTitle "playchess.com"]
[Source "ChessBase"]
[SourceQuality "1"]

{[%evp 15,102,-13,3,-36,-24,-79,-73,-76,-76,-83,-75,-89,-93,-114,-99,-128,-114,-170,-109,-114,-116,-114,-110,-123,-118,-110,-116,-125,-84,-116,-114,-118,-101,-117,-111,-143,-131,-131,-126,-115,-114,-122,-122,-181,-110,-178,-80,-99,-89,-84,-66,-96,-97,-111,-111,-119,-87,-94,-90,-99,-99,-99,-99,-90,-68,-665,-666,-648,-600,-596,-566,-746,-739,-1350,-1332,-1362,-1339,-1257,-1223,-1187,-1177,-1381,-1388,-1271,-1150,-29963,-29963,-5812,-5102]} 1. e4 c5 2. d3 Nc6 3. Nd2 Nf6 4. g3 g6 5. Bg2 Bg7 6. Ngf3 d5 7. O-O O-O 8. Re1 b6 {LiveBook: 52 Games} 9. Qe2 {A08: King's Indian Attack} e5 10. Nf1 $146 (10. c3 $11) ({Predecessor:} 10. exd5 Nxd5 11. Nc4 Bb7 12. a4 Qc7 13. Bd2 Rfe8 14. c3 Rad8 15. Rad1 a6 {0-1 (44) Szymanski,P (2232)-Shirov,A (2720) Warsaw 2006}) 10... d4 11. Nh4 {Black is better.} Re8 12. h3 Bd7 13. Nh2 Qc8 14. g4 h6 15. Qf3 Nh7 16. Qg3 (16. Qe2 $17) 16... Nd8 (16... Nb4 $19 17. Re2 c4) 17. N2f3 Qc7 18. g5 hxg5 19. Nxg5 Nxg5 20. Bxg5 Ne6 21. Nf3 Qd6 22. h4 f6 $1 {[%cal Rf6g5]} 23. Bd2 Kf7 24. Bh3 Rh8 $1 25. Bg4 Rag8 26. Kf1 Bh6 {Hoping for ...Bxd2.} 27. Bxh6 Rxh6 28. Bxe6+ Qxe6 29. b3 {[#]} (29. Ke2 $17) 29... Qg4 (29... g5 $1 $19 {[%cal Rg5h4][%mdl 512] Threatens to win with ...gxh4.} 30. hxg5 Rh3) 30. a4 {[#]} (30. Kg2 $17) 30... a6 (30... g5 $1 $19 {[%cal Rg5h4] and Black stays clearly on top.} 31. Qxg4 Bxg4 32. hxg5 Rh3) 31. Kg2 $17 Qh5 {...g5 is the strong threat.} 32. Rh1 Rhh8 33. Rag1 b5 34. a5 Rc8 (34... Qh6 {is more complex.} 35. Kf1 Be6 36. Ke2 Qh5 37. Kf1 Rc8) 35. Rb1 Qg4 (35... Rcf8 {with more complications.} 36. Rhg1 Bg4 37. Nh2 Be6 38. Nf3 Rfg8) 36. Qxg4 Bxg4 37. Kg3 Be6 38. Nd2 Rh5 39. Rh2 g5 {And now ...gxh4+ would win.} 40. hxg5 $2 {[%mdl 8192]} (40. Nf3 $15) 40... Rxg5+ $19 41. Kf3 Bg4+ 42. Kg2 Bd1+ $1 43. Kh1 Bxc2 44. Rg1 Rxg1+ 45. Kxg1 {[%mdl 4096] Endgame KRB-KRN} Rg8+ 46. Kh1 Bxd3 47. Rh7+ Rg7 48. Rh8 c4 49. bxc4 bxc4 {[%cal Bb5c4,Bc4c3][%mdl 32]} 50. f3 c3 51. Nb3 Be2 {Precision: White = 37%, Black = 66%.} 0-1

[Event "1.Frauenbundesliga 2018-19"]
[Site "Germany"]
[Date "2018.10.27"]
[Round "1"]
[White "Brandt, Carina"]
[Black "Koepke, Elena"]
[Result "1/2-1/2"]
[WhiteElo "2087"]
[BlackElo "2271"]
[Annotator "TA"]
[PlyCount "103"]
[EventDate "2018.10.27"]
[EventType "team-tourn"]
[EventCountry "GER"]
[SourceTitle "playchess.com"]
[Source "ChessBase"]
[SourceQuality "1"]

{[%evp 18,103,60,53,67,43,52,17,39,35,91,73,88,38,53,55,76,18,98,52,66,50,67,0,43,0,13,-46,22,-16,0,0,0,0,0,0,0,0,0,0,0,0,54,0,0,-2,-2,-12,-12,-20,-5,-12,-8,-8,0,0,0,0,0,0,0,0,12,6,12,0,12,0,8,0,0,0,0,0,0,0,0,0,0,0,0,0,0,0,0,0,0,0]} 1. e4 d6 2. d4 Nf6 3. Nc3 g6 4. f3 Bg7 5. Be3 O-O 6. Qd2 e5 7. dxe5 dxe5 8. O-O-O Qxd2+ 9. Rxd2 c6 10. Bc4 {LiveBook: 4 Games} Nbd7 {B07: Pirc Defence: Miscellaneous Systems} 11. a4 $146 ({Predecessor:} 11. Bb3 Re8 12. Nh3 Bf8 13. Ng5 Re7 14. Rhd1 h6 15. Nh3 Re8 16. Nf2 Nc5 17. Na4 Nxb3+ 18. cxb3 {1-0 (44) Lukov,V (2405)-Stefanov,K (2300) Sofia 1982}) 11... Re8 12. Nge2 Nf8 13. Rhd1 Ne6 (13... Be6 $14 14. Bxe6 Nxe6) 14. Kb1 $16 Bf8 15. Rd3 b6 16. Nc1 Rb8 17. a5 ({White should play} 17. R3d2 $16) 17... bxa5 (17... Nc5 $11 {remains equal.}) 18. Bxa7 Ra8 19. Bg1 a4 20. Bb6 (20. R3d2 $1 $14) 20... Kg7 21. Bxe6 Rxe6 22. R3d2 (22. Rd8 $11) 22... a3 (22... c5 $15 23. Bd8 a3) 23. Nd3 axb2 24. Bc5 Re8 25. Bxf8+ Kxf8 26. Nc5 Be6 27. N3a4 Ke7 28. c3 Ra5 29. Rxb2 Bc8 ({Better is} 29... Nd7 $11 30. Nxd7 Bxd7) 30. Rb4 (30. Rb6 $14) 30... Rd8 $11 {The position is equal.} 31. Rxd8 Kxd8 32. Nd3 Nd7 33. Nab2 f6 34. Nc4 Ra8 35. Ndb2 Ba6 36. Ra4 Kc7 37. Kc2 Bb7 38. Rxa8 Bxa8 {[%mdl 4096] Endgame KBN-KNN} 39. Nd3 c5 40. Ne3 Kd6 41. Nb2 Ke6 42. c4 Bc6 43. Nd5 f5 44. Kd3 fxe4+ 45. fxe4 Nf6 46. Nxf6 Kxf6 {KB-KN} 47. Nd1 Bd7 48. Nc3 h6 49. Nb5 Ke6 50. Nc7+ Kd6 51. Nd5 Ke6 52. Nc7+ {Precision: White = 46%, Black = 49%.} 1/2-1/2